| 000 | 00755nam a2200229 i 4500 | ||
|---|---|---|---|
| 001 | bg | ||
| 100 | 1 | _aDYMSKI, Stanisław | |
| 245 | 1 | 0 |
_aMetalurgia / _cStanisław Dymski, Henryk Oleszycki. |
| 260 |
_aBydgoszcz : _bWydaw. Uczelniane ATR, _c1994. |
||
| 300 |
_a116, [1]s. : _brys. ; _c24 cm. |
||
| 490 | 1 | _aSkrypty / Akademia Techniczno-Rolnicza im. Jana i Jędrzeja Śniadeckich w Bydgoszczy | |
| 504 | _aBibliogr. s. [117]. | ||
| 650 | 9 | _aMetalurgia | |
| 655 | _aPodręczniki akademickie | ||
| 700 | 1 | _aOLESZYCKI, Henryk | |
| 830 | 0 | _aSkrypty (Akademia Techniczno-Rolnicza im. Jana i Jędrzeja Śniadeckich w Bydgoszczy) | |
| 040 | _cBPK | ||
| 041 | _apol | ||
| 080 | _a669(075.8) | ||
| 942 | _cKS | ||
| 008 | s pl f |000 0 pol | ||
| 999 |
_c6879 _d6879 |
||
| 856 |
_uhttp://koha.tu.koszalin.pl/cgi-bin/koha/opac-detail.pl?biblionumber=6879 _yKatalog online BPK |
||